Vocabulaire du Basketball - Statistiques

Statistiques générales
  • Ce quiz a été pris 192 fois
  • Le résultat moyen est 15 sur 20
Statistiques - réponses
Signification Mot % Correct
Principal championnat masculin disputé en Amérique du Nord NBA
99%
Panier marqué sans lancer la balle, en s'accrochant au panier Dunk
93%
Poste n°1, cher à Tony Parker, dont le rôle est de remonter la balle et distribuer le jeu Meneur
89%
Action de rattraper la balle après un tir manqué (il peut être offensif ou défensif) Rebond
89%
Pénalité accordée lorsqu'un joueur fait faute sur le tireur adverse Lancer franc
87%
Violation des règles sifflée lorsqu'un joueur effectue trois appuis sans dribbler Marcher
87%
Période de jeu dont la durée est de 10 minutes en Europe et 12 minutes aux États-Unis Quart-temps
86%
Titre individuel accordé au meilleur joueur de la saison MVP
85%
Interruption de jeu de 60 secondes qui peut être demandée par un entraîneur Temps mort
84%
Terme qui désigne un joueur dont c'est la première saison dans un championnat Rookie
83%
Évènement lors duquel les équipes nord-américaines sélectionnent des jeunes joueurs Draft
81%
Zone restrictive sous le panier, où il est interdit de rester plus de 3 secondes Raquette
80%
Performance qui peut par exemple être atteinte avec 10 points, 10 passes et 10 contres Triple double
76%
Tir manqué qui ne touche que la planche OU qui n'atteint pas le panier (nommez-en un) Brique / Air ball
75%
Action visant à gêner un défenseur adverse en faisant un mur immobile Écran
72%
Partie du panier qui prend la forme d'un cercle rouge Arceau
66%
Légalement, elle ne peut durer que 24 secondes avant qu'il faille tirer au panier Possession
61%
Nom donné à une équipe évoluant dans une ligue fermée comme cette dernière Franchise
59%
En play-offs, action de gagner une série par 4 matchs à 0 Sweep
46%
Terme désignant les joueurs qui évoluent aux postes de pivot ou d'ailier fort Intérieurs
35%
Aucun quiz correspondant
Distribution des résultats
% des personnes avec chaque résultat
Percentile par nombre de réponses
Votre historique - résultats
Vous n’avez pas pris ce quiz